• 首页
  • 本馆介绍
  • 公告通知
  • 最新文献
  • 馆藏检索
  • 电子资源
  • 读者导购
  • 参考咨询
  • 我的图书馆
  • 登录
  • 详细信息显示
  • 放入我的书架
  • 预约/预借图书
  • 作者相关作品
  • 分类相关作品
  • 丛书相关作品
  • 出版社相关作品

书目信息

  • 表格格式
  • 工作单格式
  • 卡片格式
题名:
阿拉伯语基础语法
    
 
作者: ;北京外国语学院阿拉伯语系基础语法编写组 编
分册: 第一册   词法—动词部分
出版信息: 北京   外国教学与研究出版社  1983
页数: 221页
开本: 21cm
丛书名:
单 册:
中图分类: H374
科图分类:
主题词: 阿拉伯语-语法--教材 , 语法-阿拉伯语--教材
电子资源:
ISBN:
000 00874nam0 2200265 45
001 0183006975
005 20040510082157.5
010    @dCNY0.85
091    @a7215.41
100    @a19950628d1983 em y0chiy0121 ea
101 0  @achi@aara
102    @aCN@b110000
105    @ay z 000yy
106    @ar
200 10 @a阿拉伯语基础语法@h第一册@i词法—动词部分@Aa la bo yu ji chu yu fa@f北京外国语学院阿拉伯语系《基础语法》编写组编
210    @a北京@c外国教学与研究出版社@d1983
215    @a221页@d21cm
517    @a词法—动词部分@ACi Fa—Dong Ci Bu Fen
606    @a阿拉伯语-语法@x教材
606    @a语法-阿拉伯语@x教材
690    @aH374@v3
711 02 @a北京外国语学院阿拉伯语系基础语法编写组@Abei jing wai guo yu xue yuan a la bo yu xi ji chu yu fa bian xie zu@4编
801  0 @aCN@b上海图书馆@c20040510
801  2 @aCN@bNLC@c20040510
905    @f1@b209967@dH374@e3:1
    
    阿拉伯语基础语法.第一册.词法—动词部分/北京外国语学院阿拉伯语系《基础语法》编写组编.-北京:外国教学与研究出版社,1983
    221页;21cm
    
    
    ISBN :CNY0.85
    
●
相关链接 在E读中查询图书 在五车中查询图书 在当当中查询图书 在豆瓣中查询图书


正题名:阿拉伯语基础语法     索取号:H374/3:1         预约/预借

序号 登录号 条形码 馆藏地/架位号 状态 备注
1 0209967   001168970   第四借阅区/ [索取号:H374/3:1] 在馆    
2 0209968   001168943   第二样本阅览室/ [索取号:H374/3:1] 在馆    
唐山师范学院图书馆 欢迎您!
大连网信软件有限公司© 版权所有